Welcome to CU Library Online Public Access Catalogue (OPAC)

HERMENEUTICS AUTHORITY AND CANON (Record no. 6518)

MARC details
000 -LEADER
fixed length control field 00420nam a22001457a 4500
005 - DATE AND TIME OF LATEST TRANSACTION
control field 20250616123835.0
008 - FIXED-LENGTH DATA ELEMENTS--GENERAL INFORMATION
fixed length control field 250616b |||||||| |||| 00| 0 eng d
020 ## - INTERNATIONAL STANDARD BOOK NUMBER
International Standard Book Number 9780851115726
050 ## - LIBRARY OF CONGRESS CALL NUMBER
Classification number BS480
Item number CAR
245 ## - TITLE STATEMENT
Title HERMENEUTICS AUTHORITY AND CANON
Statement of responsibility, etc. EDITED BY D. A. CARSON
260 ## - PUBLICATION, DISTRIBUTION, ETC.
Place of publication, distribution, etc. USA
Name of publisher, distributor, etc. INTERVASITY PRESS
Date of publication, distribution, etc. c1986
300 ## - PHYSICAL DESCRIPTION
Extent xii, 468p
700 ## - ADDED ENTRY--PERSONAL NAME
Personal name D.A. CARSON D. A AND JOHN D. WOODBRIDGE
942 ## - ADDED ENTRY ELEMENTS (KOHA)
Source of classification or shelving scheme Library of Congress Classification
Koha item type Books
Suppress in OPAC No
999 ## -
-- 6518
-- 6518
Holdings
Withdrawn status Lost status Source of classification or shelving scheme Damaged status Not for loan Collection Home library Current library Shelving location Date acquired Total checkouts Full call number Barcode Date last seen Copy number Price effective from Koha item type
    Library of Congress Classification     Non-fiction Undergraduate Library (Christ Temple) Undergraduate Library (Christ Temple) General stacks 06/16/2025   BS480 CAR ulct00003336 06/16/2025 1 06/03/2025 Books
© 2023-2024 Copyright: Central University Libraries. All Rights Reserved | Created by: Mahone Tech Office